Führer durch das Berliner Ägyptische Museum /
Corporate Authors: ,
Other Authors:
Format: Book
Language: German
Published:
Berlin :
[Staatliche Museen zu Berlin],
1961.
Subjects:
Tags: Add Tag
Call Number: DT59 .B443 A38 1961
| LEADER | 01185nam a2200301I 4500 | ||
|---|---|---|---|
| 001 | 5174 | ||
| 003 | OSt | ||
| 005 | 20260510071425.0 | ||
| 008 | 130303s1961 gw af bc 000 0 ger d | ||
| 035 | |a ocm08773458 | ||
| 040 | |c ARCE Library | ||
| 050 | 4 | |a DT59 .B443 A38 1961 | |
| 110 | 2 | |a Ägyptisches Museum (Staatliche Museen zu Berlin) | |
| 245 | 1 | 0 | |a Führer durch das Berliner Ägyptische Museum / |c [Wissenschaftliche Bearbeitung : Steffen Wenig. Herausgegeben von der Generaldirektion der Staatlichen Museen zu Berlin] |
| 264 | 1 | |a Berlin : |b [Staatliche Museen zu Berlin], |c 1961. | |
| 300 | |a 91 pages, 60 pages of plates : |b illustrations ; |c 21 cm. | ||
| 500 | |a Cover title : Berliner Ägyptisches Museum. | ||
| 504 | |a Bibliography : pages 87-88. | ||
| 610 | 2 | 0 | |a Ägyptisches Museum (Staatliche Museen zu Berlin) |v Guidebooks. |
| 610 | 2 | 0 | |a Ägyptisches Museum (Staatliche Museen zu Berlin) |v Catalogs. |
| 650 | 0 | |a Art, Egyptian. | |
| 651 | 0 | |a Egypt |x Antiquities |v Catalogs. | |
| 700 | 1 | |a Wenig, Steffen. |9 42070 | |
| 710 | 2 | |a Staatliche Museen zu Berlin (Germany : East) | |
| 740 | 0 | |a Berliner Ägyptisches Museum. | |
| 901 | |a reviewed | ||
| 942 | |c BK |2 lcc | ||
| 999 | |c 5117 |d 5117 | ||
